Zákon č. 59/1997 Z. z. o ochrane pred dumpingom pri dovoze tovaru. 6

Výklad zákona č. 59/1997 Z. z. o ochrane pred dumpingom pri dovoze tovaru. Vysvetlenie ďalších pojmov: vývozná cena tovaru, cena tovaru v bežnom obchode, dumpingové rozpätie. Ťažkosti pri určovaní cien slovenských exportov.

Saved in:
Bibliographic Details
Main Author: Gerstner, A.
Format: Book Chapter
Language:Slovak
Subjects:
Tags: Add Tag
No Tags, Be the first to tag this record!

MARC

LEADER 00000naa a2200000 4500
001 r026989
005 20230824091420.7
041 0 |a slo 
044 |a SK 
245 1 0 |a Zákon č. 59/1997 Z. z. o ochrane pred dumpingom pri dovoze tovaru. 6  |c A. Gerstner 
520 |a Výklad zákona č. 59/1997 Z. z. o ochrane pred dumpingom pri dovoze tovaru. Vysvetlenie ďalších pojmov: vývozná cena tovaru, cena tovaru v bežnom obchode, dumpingové rozpätie. Ťažkosti pri určovaní cien slovenských exportov. 
610 2 0 |a Slovensko 
610 2 0 |a 1997 
610 2 0 |a zákony 
610 2 0 |a dumping 
610 2 0 |a dovoz 
610 2 0 |a pojmy 
610 2 0 |a komentáre 
100 1 |a Gerstner, A.